Score 0/10 Timer 15:00
0 Plays Today
Question Answer % Correct
True or False? The waterfall method uses a cascade appraoch to tasks.True
95%
Which project management approach uses an iterative process?Agile
20%
Name the 5 disitnct phases of a project?Initiation Planning Design Execution Monitoring Closing
15%
What does PRINCE stand for?PRojects IN Controlled Enviroments
5%
Name the three project interests.Business User Supplier
5%
What is an advantage of the traditional approach?Each distinct phase must be complete before moving on to the next
0%
Name the three phases where the agile approach can aid a construction project?pre-design design construction
0%
Name the components of PRINCEchange control risk management stages plans controls quality orginisation
0%
By how much can the critical change method reduce activity estimates by?50%
0%
What are the three method stages of the critical chain approachplanning execution review
0%
Remove Ads.
Support Sporcle.
Get the best of Sporcle when you Go Orange. This ad-free experience offers more features, more stats, and more fun while also helping to support Sporcle. Thank you for becoming a member.

You're not logged in!

Compare scores with friends on all Sporcle quizzes.
OR
Log In

Show Comments

Extras

Created Nov 15, 2010ReportNominate
Tags:Management, project

Top Quizzes Today


Score Distribution

Your Account Isn't Verified!

In order to create a playlist on Sporcle, you need to verify the email address you used during registration. Go to your Sporcle Settings to finish the process.

Report this User

Report this user for behavior that violates our Community Guidelines.

Details: